| 000 | 00554nam a22001937a 4500 | ||
|---|---|---|---|
| 999 |
_c637 _d637 |
||
| 003 | OSt | ||
| 005 | 20210315110717.0 | ||
| 008 | 160721b xxu||||| |||| 00| 0 eng d | ||
| 040 |
_aMMU _beng _cMMU _dMMU |
||
| 050 |
_aS 605. 2 _b. K415 1987 |
||
| 100 | _aRuigu, George M. | ||
| 245 |
_aIrrigation policy in Kenya and Zimbabwe / _c George M. Ruigu. |
||
| 260 |
_aNairobi : _bInstitute for development studies, _c1987. |
||
| 300 | _av, 420 p. : | ||
| 500 | _ainclude index | ||
| 650 | _aIrrigation | ||
| 700 | _aMandivamba Rukuni | ||
| 942 |
_2lcc _cSHORTLOAN |
||